Эволюция флюидного режима в процессе формирования грейзеновых месторождений (на примере Калгутинского месторождения); Проблемы геологии и освоения недр

Podrobná bibliografie
Parent link:Проблемы геологии и освоения недр.— 2008.— С. 157-159
Hlavní autor: Бабкин Д. И. Дмитрий Иванович
Další autoři: Поцелуев А. А. Анатолий Алексеевич (научный руководитель)
Jazyk:ruština
Vydáno: 2008
Témata:
Médium: MixedMaterials Kapitola
KOHA link:https://koha.lib.tpu.ru/cgi-bin/koha/opac-detail.pl?biblionumber=178030

MARC

LEADER 00000naa2a2200000 4500
001 178030
005 20231031165758.0
035 |a (RuTPU)RU\TPU\book\193013 
090 |a 178030 
100 |a 20100401d2008 k y0rusy50 ca 
101 0 |a rus 
102 |a RU 
200 1 |a Эволюция флюидного режима в процессе формирования грейзеновых месторождений (на примере Калгутинского месторождения)  |f Д. И. Бабкин  |g науч. рук. А. А. Поцелуев 
320 |a Библиогр.: 3 назв. 
463 0 |0 (RuTPU)RU\TPU\book\164908  |y 5-89503-079-3  |t Проблемы геологии и освоения недр  |o труды XII Международного симпозиума имени академика М. А. Усова студентов и молодых ученых, посвященного 100-летию первого выпуска горных инженеров в Сибири и 90-летию создания Сибгеолкома в России  |f Томский политехнический университет (ТПУ), Институт геологии и нефтегазового дела (ИГНД)  |v С. 157-159  |d 2008  |p 944 с. 
610 1 |a грейзеновые месторождения 
610 1 |a формирование 
610 1 |a Калгутинское месторождение 
610 1 |a оруденение 
610 1 |a эволюция 
610 1 |a флюиды 
610 1 |a труды учёных ТПУ 
700 1 |a Бабкин  |b Д. И.  |c геолог  |c научный сотрудник Томского политехнического университета, кандидат геолого-минералогических наук  |f 1981-  |g Дмитрий Иванович  |2 stltpush  |3 (RuTPU)RU\TPU\pers\28759 
702 1 |a Поцелуев  |b А. А.  |c геолог  |c профессор Томского политехнического университета, доктор геолого-минералогических наук  |f 1952-  |g Анатолий Алексеевич  |2 stltpush  |4 727 
801 1 |a RU  |b 63413507  |c 20100401 
801 2 |a RU  |b 63413507  |c 20150720  |g RCR 
942 |c BK